Exploring dreamweaver 8

Bibliographic Details
Main Author: Mohler, James L.
Other Authors: Bowen, Kyle
Format: Book
Language:English
Published: Australia : Thomson , 2007
Series:Design exploring systems
Subjects:

MARC

LEADER 00000cam a2200000 7i4500
001 0000020952
005 20230726.0
008 081201s at a i eng
020 |a 1418016101 
020 |a 9781418016104 (pbk) 
040 |a INS 
090 0 0 |a TK5105.8885.D74   |b M64 2007 
100 1 |a Mohler, James L. 
245 1 0 |a Exploring dreamweaver 8   |c James L. Mohler, Kyle Bowen 
260 |a Australia :   |b Thomson ,   |c 2007 
300 |a xix, 339 p., 24 p. of plates :   |b ill. (some col.) ;   |c 23 cm. 
440 0 |a Design exploring systems 
500 |a Includes index 
630 0 0 |a Dreamweaver (Computer file) 
650 0 |a Web site development 
650 0 |a Web sites   |x Authoring programs 
650 0 |a Web sites   |x Design 
700 1 |a Bowen, Kyle 
999 |a 0000020328   |b BOOK   |c Open Shelf   |e Default branch